| Tag |
First Indicator |
Second Indicator |
Subfields |
| LEADER |
00000pam a2200000 a 4500 |
| 001 |
in00000075837 |
| 005 |
20151008054858.0 |
| 008 |
810507s1981 wiua b s00110 eng |
| 010 |
|
|
|a 80052301
|
| 020 |
|
|
|a 0299085600 :
|c $19.50
|
| 035 |
|
|
|a (OCoLC)07551272
|
| 035 |
|
|
|9 AAJ1940AM
|
| 039 |
0 |
|
|a 2
|b 3
|c 3
|d 3
|e 3
|
| 040 |
|
|
|a DLC
|c DLC
|d TXA
|d UtOrBLW
|
| 049 |
|
|
|a TXAM
|c [933030]
|
| 050 |
0 |
0 |
|a LC45.3
|b .W43
|
| 082 |
0 |
|
|a 374
|2 19
|
| 100 |
1 |
|
|a Wedemeyer, Charles A.
|
| 245 |
1 |
0 |
|a Learning at the back door :
|b reflections on non-traditional learning in the lifespan /
|c Charles A. Wedemeyer.
|
| 264 |
|
1 |
|a Madison :
|b University of Wisconsin Press,
|c 1981.
|
| 300 |
|
|
|a xxviii, 260 pages :
|b illustrations ;
|c 24 cm.
|
| 336 |
|
|
|a text
|b txt
|2 rdacontent
|
| 337 |
|
|
|a unmediated
|b n
|2 rdamedia
|
| 338 |
|
|
|a volume
|b nc
|2 rdacarrier
|
| 500 |
|
|
|a Includes index.
|
| 504 |
|
|
|a Bibliography: pages 243-250.
|
| 650 |
|
0 |
|a Non-formal education.
|
| 650 |
|
0 |
|a Continuing education.
|
| 999 |
|
|
|a MARS
|
| 999 |
f |
f |
|s 517ea3ef-1fd0-3c03-bf89-c09a7aaaa3f7
|i 7c1bc700-c303-3701-8fed-e9d766394d70
|t 0
|
| 952 |
f |
f |
|p normal
|a Texas A&M University
|b College Station
|c Sterling C. Evans Library
|d Evans: Library Stacks
|t 0
|e LC45.3 .W43
|h Library of Congress classification
|i unmediated -- volume
|m A14806163057
|
| 998 |
f |
f |
|a LC45.3 .W43
|t 0
|l Evans: Library Stacks
|